| 000 | 00936nas a2200289 454500 | ||
|---|---|---|---|
| 001 | 29480 | ||
| 005 | 20260407193507.0 | ||
| 008 | 260407s2005####ag###########|||spa#d | ||
| 003 | AR-UNSa-BCEJYS | ||
| 040 |
_aAR-UNSa-BCEJYS _bspa _cAR-UNSa-BCEJYS |
||
| 080 |
_a658.017.2/3 _xTamaño de la empresa (Pymes) |
||
| 245 | 1 | 0 |
_aPymes _pLa revista de Clarin para las Pymes y el Comercio |
| 264 | 1 |
_aBuenos Aires : _bClarin _c2005 |
|
| 505 | _aFeecuencia: Mensual | ||
| 041 | _aspa | ||
| 942 | _cSER | ||
| 590 | _aniveau_biblio:s niveau_hierar:1 | ||
| 100 | 1 | _aClarin | |
| 700 | 1 | _aMaas, Pablo Luis | |
| 650 | _aADMINISTRACION DE EMPRESAS | ||
| 650 | _aComercio interno | ||
| 650 | _aPequeña y mediana empresa | ||
| 650 | _aCOMERCIO EXTERIOR | ||
| 650 | _aPYMES | ||
| 650 | _aEMPRESAS FAMILIARES | ||
| 856 | 4 | 1 |
_uhttps://biblioeco.unsa.edu.ar/pmb/images/revistas/pymes las calves para ganar mas-r02107.jpg _yImagen de portada _qimage/jpeg |
| 999 |
_c8668 _d8668 |
||